000 004770000a22001450004500
090 _aAR
_b04554
100 1 _aHuber, Joseph
_998643
245 1 0 _aPioneer countries and the global diffusion of environmental innovations
_sthese from the viewpoint of ecological modernisation theory
041 0 _aInglés
650 1 4 _aInnovaciones
_998644
650 1 4 _aMedio ambiente
_992195
650 1 4 _aEcología
_992250
942 _cARTICULO
773 1 _tGlobal environment
_q360-367
_d2008
_g18
999 _c13654
_d13654